[Event "Kolomna-ch"]
[Site "Kolomna"]
[Date "2010.02.14"]
[Round "11"]
[White "Kalinin, Alexander"]
[Black "Beskov, Vladimir Alekseevic"]
[Result "1-0"]
[WhiteElo "2459"]
[BlackElo "2184"]
[PlyCount "89"]
[EventDate "2010.01.10"]
[EventType "tourn"]
[EventRounds "13"]
[EventCountry "RUS"]
[SourceTitle "EXT 2011"]
[Source "ChessBase"]
[SourceDate "2010.11.26"]
[SourceVersion "1"]
[SourceVersionDate "2010.11.26"]
[SourceQuality "1"]

1. c4 c5 2. Nc3 Nc6 3. g3 g6 4. Bg2 Bg7 5. d3 d6 6. Nf3 Nf6 7. Bd2 0-0 8. Qc1 e5 9. Bg5 Be6 10. 0-0 Qc8 11. Nd2 a6 12. Nde4 Nxe4 13. Nxe4 f6 14. Bh6 Qc7 15. Rb1 Rab8 16. Be3 b5 17. cxb5 Rxb5 18. a4 Rbb8 19. Nxd6 Nd4 20. Bxd4 exd4 21. Ne4 Rfc8 22. Nd2 Qa5 23. b3 Bh6 24. Nc4 Bxc1 25. Nxa5 Ba3 26. Nc6 Rxc6 27. Bxc6 Rb6 28. Bf3 Kf7 29. e4 Ke7 30. Bd1 Bh3 31. Re1 Bb4 32. Re2 Bg4 33. Rc2 Be6 34. Kg2 Ba5 35. Rxc5 Bb4 36. Rc7+ Bd7 37. Bg4 f5 38. exf5 Kd6 39. Rc4 Bc3 40. b4 gxf5 41. a5 Rb8 42. Bf3 Bb5 43. Rc5 Bxd3 44. Rd1 Rxb4 45. Rxc3 1-0

[Event "Kolomna-ch"]
[Site "Kolomna"]
[Date "2010.01.30"]
[Round "6"]
[White "Kalinin, Alexander"]
[Black "Samoilov, Andrey"]
[Result "0-1"]
[WhiteElo "2459"]
[BlackElo "2252"]
[PlyCount "70"]
[EventDate "2010.01.10"]
[EventType "tourn"]
[EventRounds "13"]
[EventCountry "RUS"]
[SourceTitle "EXT 2011"]
[Source "ChessBase"]
[SourceDate "2010.11.26"]
[SourceVersion "1"]
[SourceVersionDate "2010.11.26"]
[SourceQuality "1"]

1. c4 c5 2. Nc3 Nc6 3. e4 g6 4. g3 Bg7 5. Bg2 e6 6. Nge2 Nge7 7. d3 a6 8. Be3 Nd4 9. Qd2 h6 10. 0-0 d6 11. Rab1 Nec6 12. Nc1 Rb8 13. a3 b5 14. cxb5 axb5 15. b4 Bd7 16. f4 cxb4 17. axb4 f5 18. Qf2 0-0 19. Nb3 Nxb3 20. Rxb3 Nxb4 21. Ba7 Nc6 22. Be3 Qa5 23. d4 Rfc8 24. Ne2 Ne7 25. g4 Rc2 26. gxf5 Qa2 27. Rc3 Rxe2 28. Qg3 exf5 29. Bf3 Rxe3 30. Rxe3 Bxd4 31. Bd1 Qd2 32. Bb3+ Kg7 33. Rfe1 fxe4 34. Kh1 Bxe3 35. Rd1 Qf2 0-1

[Event "Kolomna-ch"]
[Site "Kolomna"]
[Date "2010.01.17"]
[Round "3"]
[White "Ivanov, Yuri Alexander"]
[Black "Kalinin, Alexander"]
[Result "1-0"]
[WhiteElo "2041"]
[BlackElo "2459"]
[PlyCount "85"]
[EventDate "2010.01.10"]
[EventType "tourn"]
[EventRounds "13"]
[EventCountry "RUS"]
[SourceTitle "EXT 2011"]
[Source "ChessBase"]
[SourceDate "2010.11.26"]
[SourceVersion "1"]
[SourceVersionDate "2010.11.26"]
[SourceQuality "1"]

1. d4 d5 2. Nf3 Nf6 3. c4 c6 4. Nc3 a6 5. e3 b5 6. cxd5 cxd5 7. Bd3 Bb7 8. 0-0 Nbd7 9. Re1 Ne4 10. Nd2 Ndf6 11. f3 Nxc3 12. bxc3 e6 13. a4 b4 14. c4 dxc4 15. Bxc4 Be7 16. Bb2 0-0 17. Qe2 a5 18. Rad1 Qb6 19. Nb3 Nd5 20. Qf2 Rac8 21. Rc1 Nc3 22. Bxc3 Rxc4 23. Bb2 Rfc8 24. Qd2 f5 25. Rxc4 Rxc4 26. Rc1 Bd5 27. Rxc4 Bxc4 28. Qc2 Bxb3 29. Qxb3 Qc6 30. Kf2 Kf7 31. Ke2 g5 32. Kd3 g4 33. e4 gxf3 34. gxf3 fxe4+ 35. fxe4 Qc7 36. d5 Qxh2 37. dxe6+ Ke8 38. Qc4 Qd6+ 39. Bd4 Qg3+ 40. Be3 Qd6+ 41. Kc2 Kf8 42. e5 Qxe5 43. Bh6+ 1-0

[Event "Kolomna-ch"]
[Site "Kolomna"]
[Date "2010.01.16"]
[Round "2"]
[White "Kalinin, Alexander"]
[Black "Kozlov, Aleksei"]
[Result "1-0"]
[WhiteElo "2459"]
[BlackElo "1924"]
[PlyCount "91"]
[EventDate "2010.01.10"]
[EventType "tourn"]
[EventRounds "13"]
[EventCountry "RUS"]
[SourceTitle "EXT 2011"]
[Source "ChessBase"]
[SourceDate "2010.11.26"]
[SourceVersion "1"]
[SourceVersionDate "2010.11.26"]
[SourceQuality "1"]

1. d4 Nf6 2. c4 g6 3. Nc3 Bg7 4. e4 d6 5. Be2 0-0 6. Bg5 Nbd7 7. Qd2 c5 8. d5 Nb6 9. h4 h5 10. f3 Bd7 11. Nh3 Nh7 12. Bh6 e5 13. Bxg7 Kxg7 14. Nf2 a6 15. g4 Nf6 16. Rg1 Rh8 17. g5 Nh7 18. b3 Qe7 19. Nd3 f6 20. f4 exf4 21. Nxf4 fxg5 22. hxg5 Nf8 23. 0-0-0 h4 24. Nd3 h3 25. Qf4 Nh7 26. Nf2 Nf8 27. Kc2 Re8 28. Rh1 h2 29. Rxh2 Rxh2 30. Qxh2 Nh7 31. Qh6+ Kh8 32. Rh1 Qf7 33. Rh2 Re7 34. Ng4 Bxg4 35. Bxg4 Nd7 36. Be6 Qe8 37. Ne2 Ne5 38. Nf4 b5 39. cxb5 axb5 40. Qh3 c4 41. bxc4 bxc4 42. Qc3 Rc7 43. Kb1 Kg7 44. Rxh7+ Kxh7 45. Qh3+ Kg7 46. Qh6# 1-0

[Event "Geller Memorial op-A 5th"]
[Site "Odessa"]
[Date "2009.08.20"]
[Round "1"]
[White "Varchenko, Grigory"]
[Black "Kalinin, Alexander"]
[Result "1-0"]
[WhiteElo "2149"]
[BlackElo "2459"]
[PlyCount "81"]
[EventDate "2009.08.20"]
[EventType "swiss"]
[EventRounds "9"]
[EventCountry "UKR"]
[SourceTitle "CBM 132 Extra"]
[Source "ChessBase"]
[SourceDate "2009.11.03"]
[SourceVersion "1"]
[SourceVersionDate "2009.11.03"]
[SourceQuality "1"]

1. e4 e5 2. Nf3 Nc6 3. Bb5 Nf6 4. 0-0 d6 5. d4 exd4 6. Nxd4 Bd7 7. Nc3 a6 8. Nxc6 bxc6 9. Bc4 Be7 10. Qe2 a5 11. e5 dxe5 12. Qxe5 0-0 13. Bf4 Bd6 14. Qd4 Bf5 15. Bb3 g5 16. Bxd6 cxd6 17. Rad1 Ne8 18. Rfe1 d5 19. Re5 Ng7 20. Rde1 Ne6 21. Qa4 Qf6 22. Qxc6 Be4 23. R5xe4 dxe4 24. Nxe4 Qe5 25. Qd5 Qxd5 26. Bxd5 Ra6 27. g3 Kg7 28. Re3 h6 29. c4 Rc8 30. Bb7 Rac6 31. Bxc8 Rxc8 32. b3 Rc6 33. Nc3 Nd4 34. Kf1 Rc5 35. Rd3 Nc6 36. Rd6 Nb4 37. Rd2 Re5 38. Nd5 Nc6 39. a3 Re4 40. Ne3 Nd4 41. Rxd4 1-0

[Event "Kolomna City-ch"]
[Site "Kolomna"]
[Date "2008.02.24"]
[Round "14"]
[White "Perlovskiy, Viktor"]
[Black "Kalinin, Alexander"]
[Result "1/2-1/2"]
[WhiteElo "2040"]
[BlackElo "2459"]
[PlyCount "89"]
[EventDate "2008.01.08"]
[EventType "tourn"]
[EventRounds "15"]
[EventCountry "RUS"]
[SourceTitle "EXT 2009"]
[Source "ChessBase"]
[SourceDate "2008.11.26"]
[SourceVersion "1"]
[SourceVersionDate "2008.11.26"]
[SourceQuality "1"]

1. d4 d5 2. c4 c6 3. e3 Nf6 4. Nc3 a6 5. Nf3 b5 6. c5 Nbd7 7. Bd3 e5 8. Bf5 e4 9. Nd2 Nxc5 10. dxc5 Bxf5 11. Nb3 Bg4 12. Ne2 Nd7 13. Qc2 Ne5 14. 0-0 Qh4 15. Nbd4 Bxe2 16. Nxe2 Nf3+ 17. gxf3 exf3 18. Nf4 g5 19. Kh1 gxf4 20. Rg1 fxe3 21. Bxe3 Be7 22. Qf5 Qe4 23. Qh3 Qe6 24. Qxf3 0-0-0 25. Bd4 Rhg8 26. Rge1 Qg4 27. Qxg4+ Rxg4 28. Rxe7 Rxd4 29. Rxf7 Rd7 30. Rxd7 Kxd7 31. Rg1 Re4 32. Rg7+ Re7 33. Rxe7+ Kxe7 34. Kg2 Ke6 35. Kf3 Ke5 36. Ke3 b4 37. f4+ Kf5 38. a3 a5 39. axb4 axb4 40. b3 h6 41. Kf3 h5 42. Ke3 Kg4 43. h3+ Kf5 44. Kf3 Kf6 45. Ke3 1/2-1/2

[Event "Kolomna City-ch"]
[Site "Kolomna"]
[Date "2008.02.06"]
[Round "10"]
[White "Kovpak, Igor"]
[Black "Kalinin, Alexander"]
[Result "1-0"]
[WhiteElo "2011"]
[BlackElo "2459"]
[PlyCount "87"]
[EventDate "2008.01.08"]
[EventType "tourn"]
[EventRounds "15"]
[EventCountry "RUS"]
[SourceTitle "EXT 2009"]
[Source "ChessBase"]
[SourceDate "2008.11.26"]
[SourceVersion "1"]
[SourceVersionDate "2008.11.26"]
[SourceQuality "1"]

1. d4 d5 2. c4 c6 3. Nc3 Nf6 4. Nf3 e6 5. e3 Nbd7 6. Qc2 a6 7. a3 dxc4 8. Bxc4 b5 9. Bd3 c5 10. 0-0 Bb7 11. Ne5 Rc8 12. Rd1 b4 13. Nxd7 Nxd7 14. Be4 Bxe4 15. Nxe4 cxd4 16. Qa4 f5 17. Ng3 bxa3 18. bxa3 f4 19. Ne4 fxe3 20. fxe3 Bc5 21. exd4 Be7 22. Qxa6 0-0 23. Qxe6+ Kh8 24. a4 Nf6 25. Bg5 Re8 26. Nxf6 Bxf6 27. Bxf6 Rxe6 28. Bxd8 Rxd8 29. a5 Ra6 30. d5 Kg8 31. Kf2 Kf7 32. Ke3 Ke7 33. Kd4 Kd6 34. Re1 Kd7 35. Re5 Rda8 36. Rae1 Rg8 37. Re7+ Kd8 38. Rb7 Rxa5 39. Ree7 Ra4+ 40. Ke5 Ra6 41. d6 Ra8 42. Ke6 g5 43. Kf7 Rh8 44. d7 1-0

[Event "Kolomna City-ch"]
[Site "Kolomna"]
[Date "2008.01.27"]
[Round "7"]
[White "Guschin, Anton"]
[Black "Kalinin, Alexander"]
[Result "1-0"]
[WhiteElo "2287"]
[BlackElo "2459"]
[PlyCount "89"]
[EventDate "2008.01.08"]
[EventType "tourn"]
[EventRounds "15"]
[EventCountry "RUS"]
[SourceTitle "EXT 2009"]
[Source "ChessBase"]
[SourceDate "2008.11.26"]
[SourceVersion "1"]
[SourceVersionDate "2008.11.26"]
[SourceQuality "1"]

1. d4 d5 2. c4 c6 3. Nf3 Nf6 4. Nc3 a6 5. c5 Nbd7 6. Bf4 b6 7. cxb6 Qxb6 8. Na4 Qb4+ 9. Bd2 Qd6 10. Rc1 Ne4 11. Ba5 Rb8 12. b4 Rxb4 13. Rxc6 Qxc6 14. Bxb4 e6 15. Bxf8 Rxf8 16. e3 a5 17. Nd2 Ndf6 18. f3 Nc3 19. Qc2 Qxa4 20. Qxc3 Bd7 21. a3 Ng8 22. Bd3 f5 23. Kf2 Kf7 24. Nb3 Rc8 25. Nc5 Qc6 26. Rb1 Qd6 27. Qxa5 Bc6 28. f4 Ra8 29. Qb4 Nf6 30. h3 h6 31. a4 g5 32. g3 Nh5 33. Be2 Nf6 34. a5 Ne8 35. a6 Nc7 36. Qb6 Rc8 37. Nd3 Na8 38. Qa5 Kf6 39. Ne5 Be8 40. Rb7 gxf4 41. gxf4 Rc2 42. Rh7 Nc7 43. a7 Na8 44. Qa4 Bxa4 45. Rf7# 1-0

[Event "Kolomna City-ch"]
[Site "Kolomna"]
[Date "2008.01.23"]
[Round "6"]
[White "Kalinin, Alexander"]
[Black "Vlasenkov, Mikhail"]
[Result "1-0"]
[WhiteElo "2459"]
[BlackElo "2079"]
[PlyCount "75"]
[EventDate "2008.01.08"]
[EventType "tourn"]
[EventRounds "15"]
[EventCountry "RUS"]
[SourceTitle "EXT 2009"]
[Source "ChessBase"]
[SourceDate "2008.11.26"]
[SourceVersion "1"]
[SourceVersionDate "2008.11.26"]
[SourceQuality "1"]

1. d4 e6 2. c4 d5 3. Nf3 c6 4. Nc3 Nf6 5. Bg5 Be7 6. e3 h6 7. Bh4 Nbd7 8. Rc1 0-0 9. Bd3 Nh7 10. Bxe7 Qxe7 11. Qc2 f5 12. cxd5 cxd5 13. 0-0 a6 14. Ne2 Nhf6 15. Nf4 Qe8 16. h4 Ne4 17. h5 Nef6 18. Ng6 Rf7 19. Be2 Ne4 20. g3 Kh7 21. Kg2 b5 22. Qc6 Rb8 23. Nfe5 Bb7 24. Qc7 Nxe5 25. Qxe5 Rc8 26. Nf4 Re7 27. Bd3 Kg8 28. Bxe4 dxe4 29. Qd6 Rd8 30. Qb6 Kf7 31. Rc5 Rdd7 32. Ng6 Bd5 33. Rfc1 Rb7 34. Qa5 Kf6 35. Qxa6 Ra7 36. Qd6 Red7 37. Qe5+ Kf7 38. Rc8 1-0

[Event "Kolomna City-ch"]
[Site "Kolomna"]
[Date "2008.01.13"]
[Round "3"]
[White "Velikanov, Igor"]
[Black "Kalinin, Alexander"]
[Result "1-0"]
[WhiteElo "2248"]
[BlackElo "2459"]
[PlyCount "79"]
[EventDate "2008.01.08"]
[EventType "tourn"]
[EventRounds "15"]
[EventCountry "RUS"]
[SourceTitle "EXT 2009"]
[Source "ChessBase"]
[SourceDate "2008.11.26"]
[SourceVersion "1"]
[SourceVersionDate "2008.11.26"]
[SourceQuality "1"]

1. d4 d5 2. Nf3 Nf6 3. c4 e6 4. Nc3 c6 5. e3 a6 6. Qc2 Bb4 7. Bd3 Nbd7 8. Bd2 dxc4 9. Bxc4 b5 10. Be2 Bb7 11. Ne4 Be7 12. 0-0 0-0 13. Rac1 Rc8 14. Nc5 Nxc5 15. dxc5 Qd5 16. b4 Rcd8 17. Rfd1 Qh5 18. Be1 Nd5 19. Nd4 Qh6 20. Bd2 Qh4 21. g3 Qh3 22. Bf3 Bf6 23. Ne2 e5 24. e4 Ne7 25. Bc3 Qe6 26. Rxd8 Rxd8 27. Rd1 Ng6 28. Rxd8+ Bxd8 29. Qd1 Be7 30. Nc1 Bc8 31. Nb3 Nf8 32. Na5 Bd7 33. Qd2 h6 34. Bd1 Qh3 35. Bxe5 Qe6 36. f4 Kh8 37. Bb3 Qg6 38. f5 Qg4 39. Qf4 Qe2 40. Qxh6+ 1-0

[Event "MNT op 5th"]
[Site "Sozina"]
[Date "2004.02.22"]
[Round "5"]
[White "Ivanisevic, Ivan"]
[Black "Kalinin, Alexander"]
[Result "1-0"]
[WhiteElo "2542"]
[BlackElo "2466"]
[PlyCount "91"]
[EventDate "2004.02.18"]
[EventType "swiss"]
[EventRounds "9"]
[EventCountry "MNE"]
[SourceTitle "CBM 098 Extra"]
[Source "ChessBase"]
[SourceDate "2004.03.10"]
[SourceVersion "2"]
[SourceVersionDate "2004.03.10"]
[SourceQuality "1"]

1. d4 d5 2. c4 c6 3. Nc3 Nf6 4. cxd5 cxd5 5. Bg5 Nc6 6. Bxf6 gxf6 7. e3 e6 8. Nf3 Bd6 9. Bd3 f5 10. h3 h5 11. h4 Bd7 12. g3 Ne7 13. Qb3 Qb6 14. Qxb6 axb6 15. Kd2 f6 16. Rhc1 Kf7 17. a3 Ra5 18. Ke2 Rha8 19. Nd2 Rc8 20. Nb3 Raa8 21. Kd2 Rh8 22. Nb5 Bxb5 23. Bxb5 e5 24. Bd3 Ke6 25. Ke2 Nc6 26. f4 e4 27. Bb1 Na5 28. Nxa5 bxa5 29. Bc2 Ra6 30. Ba4 Rb6 31. Rc2 Ra6 32. Rac1 Raa8 33. Rc3 Rag8 34. Kf2 Rg7 35. Rc8 Rhg8 36. Rxg8 Rxg8 37. Rc3 b6 38. Bd1 Rh8 39. Rc6 b5 40. Rb6 b4 41. a4 Rc8 42. Bb3 Kd7 43. Rb7+ Rc7 44. Rxc7+ Bxc7 45. Bxd5 Ke7 46. Bb3 1-0

[Event "MNT op 5th"]
[Site "Sozina"]
[Date "2004.02.20"]
[Round "3"]
[White "Barnaure, Vlad Victor"]
[Black "Kalinin, Alexander"]
[Result "0-1"]
[WhiteElo "2378"]
[BlackElo "2466"]
[PlyCount "53"]
[EventDate "2004.02.18"]
[EventType "swiss"]
[EventRounds "9"]
[EventCountry "MNE"]
[SourceTitle "CBM 098 Extra"]
[Source "ChessBase"]
[SourceDate "2004.03.10"]
[SourceVersion "2"]
[SourceVersionDate "2004.03.10"]
[SourceQuality "1"]

1. d4 Nf6 2. c4 e6 3. Nf3 b6 4. Nc3 Bb4 5. Bg5 Bb7 6. e3 h6 7. Bh4 Bxc3+ 8. bxc3 d6 9. Nd2 Nbd7 10. f3 Nf8 11. Bd3 Qe7 12. Qa4+ c6 13. 0-0-0 Ng6 14. Bf2 0-0 15. Qc2 b5 16. cxb5 cxb5 17. Bxb5 Nd5 18. Nb1 Rfc8 19. Kd2 Rc7 20. Qd3 Nb6 21. Qe2 e5 22. h4 Qe6 23. Rde1 e4 24. fxe4 Bxe4 25. Bd3 Re8 26. Bxe4 Qxe4 27. Qf3 0-1

[Event "MNT op 5th"]
[Site "Sozina"]
[Date "2004.02.18"]
[Round "1"]
[White "Doncea, Vladimir"]
[Black "Kalinin, Alexander"]
[Result "0-1"]
[WhiteElo "2213"]
[BlackElo "2466"]
[PlyCount "56"]
[EventDate "2004.02.18"]
[EventType "swiss"]
[EventRounds "9"]
[EventCountry "MNE"]
[SourceTitle "CBM 098 Extra"]
[Source "ChessBase"]
[SourceDate "2004.03.10"]
[SourceVersion "2"]
[SourceVersionDate "2004.03.10"]
[SourceQuality "1"]

1. d4 Nf6 2. c4 e6 3. g3 Bb4+ 4. Bd2 Qe7 5. Bg2 Nc6 6. e3 0-0 7. Ne2 d5 8. 0-0 dxc4 9. Qc2 Bxd2 10. Nxd2 e5 11. d5 Nb4 12. Qxc4 c6 13. e4 cxd5 14. exd5 Bf5 15. a3 Nd3 16. Nc1 Rac8 17. Qb3 Nc5 18. Qe3 Rfd8 19. Qg5 Bg6 20. Re1 e4 21. b4 h6 22. Qh4 Rxd5 23. Ra2 Ne6 24. g4 Qd7 25. Ncb3 Rd3 26. Rb2 Ng5 27. Nf1 Rd1 28. Nc5 Rxc5 0-1

[Event "St Petersburg-Moscow"]
[Site "St Petersburg"]
[Date "2003.05.05"]
[Round "2"]
[White "Faibisovich, Vadim Z"]
[Black "Kalinin, Alexander"]
[Result "1/2-1/2"]
[WhiteElo "2421"]
[BlackElo "2466"]
[PlyCount "45"]
[EventDate "2003.05.03"]
[EventType "team"]
[EventRounds "2"]
[EventCountry "RUS"]
[SourceTitle "CBM 095"]
[Source "ChessBase"]
[SourceDate "2003.07.25"]
[SourceVersion "1"]
[SourceVersionDate "2003.07.25"]
[SourceQuality "1"]

1. e4 c5 2. Nf3 d6 3. Bb5+ Bd7 4. Bxd7+ Qxd7 5. 0-0 Nf6 6. Re1 Nc6 7. c3 e6 8. d4 cxd4 9. cxd4 d5 10. e5 Ne4 11. Nbd2 Nxd2 12. Bxd2 Be7 13. Bg5 0-0 14. Bxe7 Nxe7 15. Qd3 Rfc8 16. Ng5 Ng6 17. h4 h6 18. h5 Nf8 19. Nf3 Qc6 20. Re2 Rc7 21. g4 Nh7 22. Kh2 Qd7 23. Rg1 1/2-1/2

[Event "Mulhouse Masters"]
[Site "Mulhouse"]
[Date "2002.07.13"]
[Round "6"]
[White "Kalinin, Alexander"]
[Black "Drabke, Lorenz Maximilian"]
[Result "1/2-1/2"]
[WhiteElo "2470"]
[BlackElo "2362"]
[PlyCount "40"]
[EventDate "2002.07.??"]
[EventType "swiss"]
[EventRounds "9"]
[EventCountry "FRA"]
[EventCategory "4"]
[SourceTitle "EXT 2003"]
[Source "ChessBase"]
[SourceDate "2002.11.25"]
[SourceVersion "1"]
[SourceVersionDate "2002.11.25"]
[SourceQuality "1"]

1. d4 d5 2. c4 c6 3. Nc3 dxc4 4. e4 b5 5. a4 b4 6. Na2 Nf6 7. e5 Nd5 8. Bxc4 Bf5 9. Ne2 e6 10. Ng3 Bg6 11. h4 h5 12. Bg5 Be7 13. Bxe7 Qxe7 14. Nc1 Nd7 15. Nb3 N5b6 16. Bd3 Bxd3 17. Qxd3 c5 18. dxc5 Nxc5 19. Qb5+ Nbd7 20. Nxc5 Qxc5 1/2-1/2

[Event "Mulhouse Masters"]
[Site "Mulhouse"]
[Date "2002.07.12"]
[Round "5"]
[White "Riff, Jean Noel"]
[Black "Kalinin, Alexander"]
[Result "1/2-1/2"]
[WhiteElo "2235"]
[BlackElo "2470"]
[PlyCount "51"]
[EventDate "2002.07.??"]
[EventType "swiss"]
[EventRounds "9"]
[EventCountry "FRA"]
[EventCategory "4"]
[SourceTitle "EXT 2003"]
[Source "ChessBase"]
[SourceDate "2002.11.25"]
[SourceVersion "1"]
[SourceVersionDate "2002.11.25"]
[SourceQuality "1"]

1. e4 c5 2. Nc3 Nc6 3. Bb5 g6 4. Bxc6 bxc6 5. d3 Bg7 6. f4 d6 7. Nf3 Qb6 8. b3 Nh6 9. 0-0 0-0 10. Qe1 f6 11. Rb1 Nf7 12. Be3 Qc7 13. g4 f5 14. gxf5 gxf5 15. Kh1 Kh8 16. Rg1 Bf6 17. Ng5 Bxg5 18. fxg5 Ne5 19. g6 Nxg6 20. Rxg6 hxg6 21. Qh4+ Kg8 22. Rg1 Rf6 23. Qh5 e6 24. Rxg6+ Rxg6 25. Qxg6+ Qg7 26. Qe8+ 1/2-1/2

[Event "Oberliga NRW 0102 II"]
[Site "Germany"]
[Date "2002.03.10"]
[Round "7.1"]
[White "Kalinin, Alexander"]
[Black "Wegener, Olaf"]
[Result "1-0"]
[WhiteElo "2512"]
[BlackElo "2312"]
[PlyCount "91"]
[EventDate "2001.10.??"]
[EventType "team"]
[EventRounds "9"]
[EventCountry "GER"]
[SourceTitle "EXT 2004"]
[Source "ChessBase"]
[SourceDate "2003.11.25"]
[SourceVersion "1"]
[SourceVersionDate "2003.11.25"]
[SourceQuality "1"]
[WhiteTeam "Betzdorf Kirchen"]
[BlackTeam "Brackel"]
[WhiteTeamCountry "GER"]
[BlackTeamCountry "GER"]

1. c4 Nf6 2. Nc3 e6 3. Nf3 Bb4 4. Qc2 b6 5. a3 Bxc3 6. Qxc3 Bb7 7. b4 a5 8. Bb2 d6 9. g3 e5 10. Bg2 axb4 11. axb4 Rxa1+ 12. Bxa1 c5 13. b5 Nbd7 14. 0-0 0-0 15. d3 d5 16. cxd5 Nxd5 17. Qb3 Re8 18. Nd2 N7f6 19. Nc4 Qc7 20. e4 Nb4 21. Qc3 Nd7 22. f4 f6 23. Qb3 Kf8 24. fxe5 Nxe5 25. Bxe5 Rxe5 26. Nxe5 Qxe5 27. Qc4 Bc8 28. d4 Qxd4+ 29. Qxd4 cxd4 30. Rd1 d3 31. Bf1 Ke7 32. Bxd3 Nxd3 33. Rxd3 Bd7 34. Rd5 Be6 35. Rd2 Bc4 36. Rb2 Kd6 37. Kf2 Kc5 38. Ke3 Bxb5 39. Ra2 Kd6 40. Kd4 Bd7 41. Ra8 b5 42. Rh8 g6 43. Rxh7 b4 44. Rg7 b3 45. Kc3 g5 46. h4 1-0

[Event "Moscow Aeroflot op"]
[Site "Moscow"]
[Date "2002.02.08"]
[Round "6"]
[White "Kalinin, Alexander"]
[Black "Zaitsev, Igor A"]
[Result "1-0"]
[WhiteElo "2512"]
[BlackElo "2444"]
[PlyCount "58"]
[EventDate "2002.02.04"]
[EventType "swiss"]
[EventRounds "9"]
[EventCountry "RUS"]
[SourceTitle "CBM 088"]
[Source "ChessBase"]
[SourceDate "2002.03.21"]
[SourceVersion "1"]
[SourceVersionDate "2002.03.21"]
[SourceQuality "1"]

1. e4 e5 2. Nf3 Nc6 3. Bb5 a6 4. Ba4 Nf6 5. 0-0 Be7 6. Re1 b5 7. Bb3 0-0 8. a4 Bb7 9. d3 d6 10. Nbd2 Nd7 11. c3 Nc5 12. Bc2 Nxa4 13. Bxa4 bxa4 14. Qxa4 Kh8 15. d4 exd4 16. cxd4 a5 17. d5 Nb4 18. Nd4 Bf6 19. N2f3 Re8 20. Bd2 Nd3 21. Re3 Nc5 22. Qc2 a4 23. Rc1 Qd7 24. Bb4 Bxd4 25. Nxd4 c6 26. dxc6 Bxc6 27. Nxc6 Qxc6 28. e5 Qb7 29. exd6 Qxb4 1-0

[Event "Moscow Aeroflot op"]
[Site "Moscow"]
[Date "2002.02.05"]
[Round "2"]
[White "Kalinin, Alexander"]
[Black "Shabanov, Yuri"]
[Result "1/2-1/2"]
[WhiteElo "2512"]
[BlackElo "2463"]
[PlyCount "45"]
[EventDate "2002.02.04"]
[EventType "swiss"]
[EventRounds "9"]
[EventCountry "RUS"]
[SourceTitle "CBM 088"]
[Source "ChessBase"]
[SourceDate "2002.03.21"]
[SourceVersion "1"]
[SourceVersionDate "2002.03.21"]
[SourceQuality "1"]

1. e4 d6 2. d4 Nf6 3. Nc3 e5 4. Nf3 Nbd7 5. Bc4 Be7 6. 0-0 0-0 7. Re1 c6 8. a4 a5 9. h3 h6 10. Ba2 Qc7 11. Qe2 Bd8 12. Be3 Re8 13. dxe5 dxe5 14. Nh4 Nf8 15. Qf3 Be6 16. Nf5 Bxa2 17. Rxa2 Ne6 18. Qg3 Kh7 19. Raa1 Be7 20. Nxe7 Rxe7 21. Rad1 Rd7 22. Rxd7 Nxd7 23. Qf3 1/2-1/2

[Event "Corus Reserve Group"]
[Site "Wijk aan Zee"]
[Date "2000.01.28"]
[Round "8"]
[White "Visser, Yge"]
[Black "Kalinin, Alexander"]
[Result "1/2-1/2"]
[WhiteElo "2406"]
[BlackElo "2422"]
[PlyCount "52"]
[EventDate "2000.01.21"]
[EventType "swiss"]
[EventRounds "9"]
[EventCountry "NED"]
[SourceTitle "CBM 074 Extra"]
[Source "ChessBase"]
[SourceDate "2000.03.10"]
[SourceVersion "2"]
[SourceVersionDate "2000.03.10"]
[SourceQuality "1"]

1. e4 c5 2. d3 Nc6 3. g3 d5 4. Nd2 Nf6 5. Bg2 e5 6. Ngf3 Be7 7. 0-0 0-0 8. c3 d4 9. Nc4 Qc7 10. cxd4 cxd4 11. Bd2 b5 12. Na3 Qb6 13. h3 Nd7 14. Ne1 Nc5 15. f4 Na4 16. Bc1 Bxa3 17. bxa3 Nc3 18. Qd2 exf4 19. gxf4 f5 20. Kh1 Be6 21. Bb2 Na4 22. Rb1 Bxa2 23. Rc1 Bf7 24. exf5 Rac8 25. f6 Nxb2 26. Qxb2 Na5 1/2-1/2

[Event "Corus Reserve Group"]
[Site "Wijk aan Zee"]
[Date "2000.01.23"]
[Round "3"]
[White "Yuneev, Alexey"]
[Black "Kalinin, Alexander"]
[Result "1-0"]
[WhiteElo "2430"]
[BlackElo "2422"]
[PlyCount "83"]
[EventDate "2000.01.21"]
[EventType "swiss"]
[EventRounds "9"]
[EventCountry "NED"]
[SourceTitle "CBM 074 Extra"]
[Source "ChessBase"]
[SourceDate "2000.03.10"]
[SourceVersion "2"]
[SourceVersionDate "2000.03.10"]
[SourceQuality "1"]

1. d4 Nf6 2. c4 e6 3. Nc3 Bb4 4. Bg5 h6 5. Bh4 c5 6. d5 Bxc3+ 7. bxc3 d6 8. e3 e5 9. Bd3 e4 10. Bc2 Qe7 11. Bxf6 Qxf6 12. Ne2 Bg4 13. Bxe4 Bxe2 14. Kxe2 Qxc3 15. Qa4+ Ke7 16. Rab1 b6 17. Qc2 Qxc2+ 18. Bxc2 Nd7 19. f4 a6 20. a4 Rhb8 21. Ra1 Kf6 22. Rhb1 h5 23. Kf3 g6 24. Rb2 Ke7 25. e4 Kf6 26. Rab1 Ke7 27. g3 g5 28. e5 gxf4 29. exd6+ Kxd6 30. Kxf4 b5 31. axb5 axb5 32. Rxb5 Rxb5 33. Rxb5 Ra2 34. Bd1 Rxh2 35. Ra5 Rd2 36. Ra6+ Ke7 37. Bxh5 Rd4+ 38. Kf5 Rxc4 39. d6+ Kf8 40. Ra7 Nb6 41. Rxf7+ Kg8 42. Rb7 1-0

[Event "Corus Reserve Group"]
[Site "Wijk aan Zee"]
[Date "2000.01.21"]
[Round "1"]
[White "Floor, Dirk"]
[Black "Kalinin, Alexander"]
[Result "1/2-1/2"]
[WhiteElo "2278"]
[BlackElo "2422"]
[PlyCount "104"]
[EventDate "2000.01.21"]
[EventType "swiss"]
[EventRounds "9"]
[EventCountry "NED"]
[SourceTitle "CBM 074 Extra"]
[Source "ChessBase"]
[SourceDate "2000.03.10"]
[SourceVersion "2"]
[SourceVersionDate "2000.03.10"]
[SourceQuality "1"]

1. e4 c5 2. Nf3 d6 3. d4 cxd4 4. Nxd4 Nf6 5. Nc3 Nc6 6. Bg5 e6 7. Qd2 h6 8. Bxf6 gxf6 9. 0-0-0 a6 10. f4 Bd7 11. Kb1 Qb6 12. Nf3 0-0-0 13. Bc4 Kb8 14. f5 Qc5 15. Bb3 Na5 16. Qe2 Nxb3 17. axb3 Be7 18. Rd3 h5 19. g3 b5 20. Rhd1 Bc8 21. Nd4 h4 22. b4 Qb6 23. g4 Bd7 24. Qf3 Rhg8 25. Nce2 Qb7 26. Nf4 e5 27. Nd5 exd4 28. Nxe7 Bc6 29. Nxc6+ Qxc6 30. Rxd4 Rge8 31. Qf4 Re5 32. Qh6 Rxe4 33. Qxf6 Rc8 34. c3 Rxd4 35. Qxd4 Re8 36. h3 Re2 37. g5 Kb7 38. Qxd6 Qe4+ 39. Qd3 Qxd3+ 40. Rxd3 Rg2 41. Rd7+ Kc6 42. Rxf7 Rxg5 43. f6 Rf5 44. Rf8 Kd5 45. b3 Rf3 46. Kc2 Rxh3 47. Ra8 Rf3 48. Rxa6 h3 49. f7 Rxf7 50. Rh6 Rf2+ 51. Kd3 Rf3+ 52. Kd2 Rg3 1/2-1/2